| 000 | 01174nam a22002177a 4500 | ||
|---|---|---|---|
| 999 |
_c56863 _d56863 |
||
| 003 | Ge_BSU | ||
| 005 | 20190521210003.0 | ||
| 008 | 190521s1998 ge ||||| |||| 00| 0 geo d | ||
| 041 | _ageo | ||
| 080 | _a94(479.223) დ-90 | ||
| 100 |
_aდუმბაძე, სერგო. _91492 |
||
| 245 |
_aხიხანის საარწივოდან : _bდავით მამულაძე / _cსერგო დუმბაძე, ვლადიმერ მამულაძე ; რედ. ვახტანგ წულუკიძე. |
||
| 264 |
_aბათუმი : _b "გამომცემლობა აჭარა", _c1998 |
||
| 300 |
_a479 გვ. : _bფოტ. ; _c21 სმ. |
||
| 520 | _aრეზ. რუს. და ინგლ. ენებზე. | ||
| 653 | _aაჭარის ისტორია | ||
| 653 | _aსაქართველოს სოფლების ისტორია. | ||
| 653 | _aქართული ოჯახების ისტორია | ||
| 653 | _aგამოჩენილ ქართველ ადამიანთა ბიოგრაფიები. | ||
| 942 |
_2udc _cBK |
||